000 00760cab a2200253 4500
001 ABS52953
008 090401t1995 xxu||||| |||| 00| 0 eng d
035 _a(Sirsi) u1065
041 _aeng
100 _aBayram, P.
245 2 _aA novel system for putting the rating house in order
260 _c1995
350 _a0
490 _aProperty Week
_v51(5) 4 May 1995, 30(1)
520 _aProposes modifications to the rules on rating valuations to ease the burdens of uncertainty and delay, on both ratepayers and the authorities.
650 _aRATING REVALUATION 1995
650 _aBUSINESS RATES
650 _aCASH FLOW
650 _aOVERPAYMENT
650 _aRATING LISTS
690 _aRATING AND VALUATION
942 _n0
948 _c04/03/1997
999 _c585
_d585